| 000 | 01230nam a2200229 a 4500 | ||
|---|---|---|---|
| 001 | 000017739 | ||
| 005 | 20220405104953.0 | ||
| 008 | 100331s1990 dr ac 001 0 spa d | ||
| 040 |
_aDO-SdBNP _bspa _cBNPHU |
||
| 082 |
_a920.72 _bJ94h |
||
| 100 | 1 |
_aJuia, Julio Jaime _938596 |
|
| 245 | 1 | 0 |
_aHaz de luces / _cJulio Jaime Juia. |
| 260 |
_aSanto Domingo : _bCIPAF _bGolfo, _c1990. _fAmigo del Hogar |
||
| 300 |
_a143 p. : _bil., retrs. ; _c23 cm. |
||
| 490 | 1 | _aMinerva Mirabal | |
| 505 | 2 | _aA manera de presentación -- Mercedes Laura Aguiar -- Mercedes Alfau Pilier -- Mercedes Amiama B -- Concha Benítez de Valera -- Eloína COnstanzo Vda. Suárez -- Pilar Constanzo -- Virginia de Peña de Bordas -- Leonor María Feltz -- Armida García de Contreras -- Flérida García de Nolasco -- María Josefa Gómez -- Petronila Angélica Gómez -- Olimpia Gómez Alardo -- Ernestina Gómez de Read -- Martha María Lamarche -- Ninón Lapeiretta Pichardo -- Melba Marrero de Minné -- Carmen Natalia Martínez Bonilla -- Adela Mateo Lebrón. | |
| 650 | 0 |
_aMujeres en República Dominicana _92066 |
|
| 650 | 4 |
_aMujeres _xBiografías _92896 |
|
| 710 | 1 |
_aCIPAF (Organización) _91929 |
|
| 830 | 0 |
_aMinerva Mirabal _938597 |
|
| 049 | _aBNPD | ||
| 999 |
_c17264 _d17264 |
||